Catálogo
 En Linea
Vista normal Vista MARC

Entrada Nombre personal

Número de registros utilizados en: 2

001 - NÚMERO DE CONTROL

  • campo de control: 66313

003 - IDENTIFICADOR DEL NÚMERO DE CONTROL

  • campo de control: BNPHU

005 - FECHA Y HORA DE LA ÚLTIMA TRANSACCIÓN

  • campo de control: 20240905110224.0

008 - DATOS DE LONGITUD FIJA

  • campo de control de longitud fija: 200615|| aca||aabn | a|a d

010 ## - NÚMERO DE CONTROL DE LA BIBLIOTECA DEL CONGRESO

  • Número de control de LC: n 94084206

040 ## - FUENTE DE LA CATALOGACIÓN

  • Centro catalogador/agencia de origen: DO-SdBNP
  • Lengua de catalogación: spa
  • Centro/agencia transcriptor: BNPHU
  • Normas de descripción: rda

046 ## - FECHAS CON CODIFICACIÓN ESPECIAL

  • Fecha de nacimiento: 1957 -

100 1# - ENCABEZAMIENTO-NOMBRE DE PERSONA

  • Nombre de persona: Tamaro, Susanna
  • Fechas asociadas al nombre: 1957-

370 ## - LUGAR ASOCIADO

  • Lugar de nacimiento: Trieste (Italia)

375 ## - GÉNERO/SEXO

  • Género/Sexo: Mujer

377 ## - LENGUA/LENGUAJE ASOCIADO

  • Código del idioma: ita
  • Término de lengua/lenguaje: Italiano

400 ## - TRAZADO DE VÉASE--NOMBRE DE PERSONA

  • Nombre de persona: תמרו, סוזאנה,
  • Fechas asociadas al nombre: 1957־

670 ## - FUENTE DE DATOS ENCONTRADOS

  • Cita de la fuente: Work cat.: (OSt)39548: Tamaro, Susanna, Anima mundi /, 1997.

670 ## - FUENTE DE DATOS ENCONTRADOS

  • Cita de la fuente: Va’ dove ti porta il cuore, 1994
  • Información encontrada: Portada (Susanna Tamaro)

670 ## - FUENTE DE DATOS ENCONTRADOS

  • Cita de la fuente: For solo voice, 1995:
  • Información encontrada: portada (Susanna Tamaro) sobrecubierta (graduated in cinematography and made scientific documentaries for RAI)

Con tecnología Koha